书目信息 |
| 题名: |
西双版纳
|
|
| 作者: | ;中国旅游指南编委会 编 | |
| 分册: | ||
| 出版信息: | 北京 中华书局 2001.10 |
|
| 页数: | 96页 | |
| 开本: | 19cm | |
| 丛书名: | 中国旅游指南 | |
| 单 册: | ||
| 中图分类: | K928.707.42 | |
| 科图分类: | ||
| 主题词: | 旅游指南--云南省--西双版纳傣族自治州 | |
| 电子资源: | ||
| ISBN: | 7-101-02835-7 | |
| 000 | 00839nam2 2200241 450 | |
| 001 | 0132700625 | |
| 005 | 20050905180144.68 | |
| 010 | @a7-101-02835-7@dCNY10.00 | |
| 100 | @a20050303d2001 km y0chiy0120 ea | |
| 101 | 0 | @achi |
| 102 | @aCN@b110000 | |
| 105 | @aab z 000yy | |
| 200 | 1 | @a西双版纳@Axi shuang ban na@f中国旅游指南编委会编@Fzhong guo lu you zhi nan bian wei hui bian |
| 210 | @a北京@c中华书局@d2001.10 | |
| 215 | @a96页@c图, 地图@d19cm | |
| 225 | 2 | @a中国旅游指南@h第三辑 |
| 330 | @a本书主要包括西双版纳概览,行程安排,风景名胜,西双版纳之最,旅游须知六部分内容。 | |
| 410 | 0 | @12001 @a中国旅游指南 |
| 606 | 0 | @a旅游指南@y云南省@y西双版纳傣族自治州 |
| 690 | @aK928.707.42@v4 | |
| 711 | 02 | @a中国旅游指南编委会@Azhong guo lu you zhi nan bian wei hui@4编 |
| 801 | 0 | @aCN@bQSSK@c20050905 |
| 905 | @a10447@dK928.707.42@eZ495 | |
| 西双版纳/中国旅游指南编委会编.-北京:中华书局,2001.10 |
| 96页:图, 地图;19cm.-(中国旅游指南.第三辑) |
| ISBN 7-101-02835-7:CNY10.00 |
| 本书主要包括西双版纳概览,行程安排,风景名胜,西双版纳之最,旅游须知六部分内容。 |
| ● |
| 相关链接 |
|
|
|
正题名:西双版纳
索取号:K928.707.42/Z495
 
预约/预借
| 序号 | 登录号 | 条形码 | 馆藏地/架位号 | 状态 | 备注 |
| 1 | 529075 | 205290754 | 社科库309/309社科库 17排4列5层/ [索取号:K928.707.42/Z495] | 在馆 | |
| 2 | 529076 | 205290763 | 社科库309/309社科库 17排4列5层/ [索取号:K928.707.42/Z495] | 在馆 | |
| 3 | 529077 | 205290772 | 社科库309/ [索取号:K928.707.42/Z495] | 在馆 |